[Event "Mittelfrank Regionalliga Sud-West 2223"]
[Site "Mittelfranken"]
[Date "2022.10.23"]
[Round "2.5"]
[White "Kowalewski, Przemyslaw"]
[Black "Birth, Waldemar"]
[Result "0-1"]
[WhiteElo "1826"]
[BlackElo "1960"]
[PlyCount "66"]
[EventDate "2022.10.09"]
[EventType "team-tourn"]
[EventRounds "9"]
[EventCountry "GER"]
[SourceTitle "EXT 2024"]
[Source "ChessBase"]
[SourceDate "2023.10.10"]
[SourceVersion "1"]
[SourceVersionDate "2023.10.10"]
[SourceQuality "1"]
[WhiteTeam "Haunstetten II"]
[BlackTeam "Augsburg Rochade"]
[WhiteTeamCountry "GER"]
[BlackTeamCountry "GER"]

1. e4 e6 2. d4 d5 3. exd5 exd5 4. Bd3 Nf6 5. Bg5 Bd6 6. Ne2 0-0 7. 0-0 Bxh2+ 8. Kh1 Bd6 9. Nd2 Bg4 10. f3 Bh5 11. g4 Bg6 12. Bxg6 fxg6 13. Kg2 h6 14. Bh4 Nc6 15. c3 Qd7 16. Bg3 Rae8 17. Bxd6 Qxd6 18. Ng3 Re3 19. Nh1 Rfe8 20. Rf2 g5 21. Qg1 Ne7 22. Qh2 Qd7 23. Ng3 Ng6 24. Nf5 Nf4+ 25. Kg1 Re2 26. Raf1 Kh7 27. Rxe2 Rxe2 28. Rf2 Rxf2 29. Kxf2 Qb5 30. Nb3 b6 31. Kg3 Qf1 32. Qd2 Ne2+ 33. Kh2 Qf2+ 0-1

[Event "Mittelfrank Regionalliga Sud-West 2223"]
[Site "Mittelfranken"]
[Date "2022.10.09"]
[Round "1.6"]
[White "Schmitz, Tim"]
[Black "Birth, Waldemar"]
[Result "0-1"]
[WhiteElo "1885"]
[BlackElo "1960"]
[PlyCount "112"]
[EventDate "2022.10.09"]
[EventType "team-tourn"]
[EventRounds "9"]
[EventCountry "GER"]
[SourceTitle "EXT 2024"]
[Source "ChessBase"]
[SourceDate "2023.10.10"]
[SourceVersion "1"]
[SourceVersionDate "2023.10.10"]
[SourceQuality "1"]
[WhiteTeam "Sendling"]
[BlackTeam "Augsburg Rochade"]
[WhiteTeamCountry "GER"]
[BlackTeamCountry "GER"]

1. e4 e6 2. d4 d5 3. Nd2 Nf6 4. e5 Nfd7 5. Bd3 c5 6. c3 Nc6 7. Ngf3 Be7 8. 0-0 Qb6 9. Qe2 cxd4 10. cxd4 Nxd4 11. Nxd4 Qxd4 12. Nf3 Qb6 13. Bf4 Nc5 14. Be3 Qd8 15. Bb5+ Bd7 16. Rac1 b6 17. Rc2 Bxb5 18. Qxb5+ Qd7 19. Qe2 0-0 20. Rfc1 Rfc8 21. Nd4 Nb7 22. h3 Rc5 23. Nb3 Rxc2 24. Qxc2 g6 25. Qc7 Rd8 26. Qxd7 Rxd7 27. Rc8+ Kg7 28. Nd4 Bc5 29. a3 Na5 30. Nc2 d4 31. b4 dxe3 32. fxe3 Rd1+ 33. Kh2 Rd2 34. Ne1 Bxe3 35. bxa5 Bf4+ 36. Kg1 Bg3 37. Rc1 Bxe1 38. Rxe1 bxa5 39. Re3 h5 40. Kh2 h4 41. Re4 g5 42. Ra4 Rd5 43. Re4 Kg6 44. Kg1 Kf5 45. Re3 Rxe5 46. Rf3+ Kg6 47. Rc3 f5 48. Kf2 g4 49. Rc4 Kg5 50. Rc7 g3+ 51. Kf1 Kf4 52. Rc3 Rb5 53. Rd3 e5 54. Rf3+ Ke4 55. Rc3 f4 56. Rf3 a4 0-1

[Event "Mittelfrank Regionalliga Sud-West 2122"]
[Site "Mittelfranken"]
[Date "2022.03.20"]
[Round "4.5"]
[White "Mai, Anton"]
[Black "Birth, Waldemar"]
[Result "1-0"]
[WhiteElo "1989"]
[BlackElo "1952"]
[PlyCount "89"]
[EventDate "2021.10.24"]
[EventType "team-tourn"]
[EventRounds "9"]
[EventCountry "GER"]
[SourceTitle "EXT 2024"]
[Source "ChessBase"]
[SourceDate "2023.10.10"]
[SourceVersion "1"]
[SourceVersionDate "2023.10.10"]
[SourceQuality "1"]
[WhiteTeam "Haar"]
[BlackTeam "Augsburg Rochade"]
[WhiteTeamCountry "GER"]
[BlackTeamCountry "GER"]

1. e4 c5 2. c3 d5 3. exd5 Qxd5 4. d4 Nc6 5. Nf3 Bg4 6. Nbd2 e6 7. Bc4 Qd7 8. Qa4 cxd4 9. Bb5 Bxf3 10. Nxf3 Bd6 11. Nxd4 Nge7 12. Bg5 Rc8 13. 0-0 a6 14. Bd3 0-0 15. Rad1 Qc7 16. Nxc6 Nxc6 17. Qh4 g6 18. Be4 Be5 19. Rd3 Bg7 20. Rfd1 Ne5 21. Rd4 f6 22. Bh6 Rcd8 23. Bxg7 Kxg7 24. Bc2 Nc6 25. R4d3 Qe5 26. Rd7+ Rxd7 27. Rxd7+ Rf7 28. Rxf7+ Kxf7 29. Qxh7+ Kf8 30. Qh6+ Ke7 31. Qd2 g5 32. g3 Qb5 33. Be4 Ne5 34. b3 b6 35. h3 a5 36. Qd4 Nd7 37. Bd3 Qc6 38. b4 Qf3 39. Be4 Qe2 40. Bc6 Ne5 41. Qxb6 Qe1+ 42. Kg2 Qxc3 43. Qc7+ Kf8 44. Qd8+ Kg7 45. Qe7+ 1-0

[Event "Regionalliga Sued-West 1819"]
[Site "Bayern"]
[Date "2019.03.24"]
[Round "8.8"]
[White "Birth, Waldemar"]
[Black "Schmidt, Thomas"]
[Result "1-0"]
[WhiteElo "1989"]
[BlackElo "1849"]
[PlyCount "111"]
[EventDate "2018.10.21"]
[EventType "team-tourn"]
[EventRounds "9"]
[EventCountry "GER"]
[SourceTitle "EXT 2022"]
[Source "ChessBase"]
[SourceDate "2021.10.06"]
[SourceVersion "1"]
[SourceVersionDate "2021.10.06"]
[SourceQuality "1"]
[WhiteTeam "Augsburg SK Rochade"]
[BlackTeam "Tuerkheim/Bad Woerishofen"]
[WhiteTeamCountry "GER"]
[BlackTeamCountry "GER"]

1. Nf3 d6 2. d4 Bg4 3. Nbd2 Nf6 4. h3 Bh5 5. e4 e6 6. Bd3 c6 7. 0-0 Be7 8. c3 0-0 9. Qc2 Bxf3 10. Nxf3 h6 11. Qe2 d5 12. e5 Nfd7 13. Nh2 c5 14. Qg4 Kh8 15. f4 Qe8 16. f5 exf5 17. Qxf5 g6 18. Qf3 Kg7 19. Qxd5 Nc6 20. Be3 Nb6 21. Qe4 cxd4 22. cxd4 Rd8 23. Ng4 Bg5 24. h4 Bxe3+ 25. Qxe3 Rh8 26. Nf6 Qe6 27. Rf4 Ne7 28. Raf1 Rdf8 29. Qg3 Nbd5 30. Nh5+ Kh7 31. Rg4 Rhg8 32. b3 a6 33. Nf6+ Nxf6 34. Rxf6 Qd7 35. Qf3 Qd5 36. Qf2 b5 37. Rxa6 Qd7 38. Rf4 Qb7 39. Rxf7+ Rxf7 40. Qxf7+ Rg7 41. Qe6 Qc7 42. Rd6 Qc1+ 43. Bf1 Qe3+ 44. Kh1 Qf4 45. Bxb5 Qxh4+ 46. Qh3 Qe1+ 47. Kh2 Nf5 48. Rd7 Rxd7 49. Bxd7 Nxd4 50. Qg3 Qf1 51. Qe3 Qd1 52. Bh3 Nc2 53. Qa7+ Kh8 54. Qb8+ Kg7 55. Qc7+ Kh8 56. Qc8+ 1-0

[Event "Augsburg Afro op"]
[Site "Augsburg"]
[Date "1997.??.??"]
[Round "5"]
[White "Reiser, Charles Roy"]
[Black "Birth, Waldemar"]
[Result "1-0"]
[WhiteElo "1930"]
[BlackElo "1730"]
[PlyCount "77"]
[EventDate "1997.??.??"]
[EventType "swiss"]
[EventRounds "7"]
[EventCountry "GER"]
[SourceTitle "EXT 2006"]
[Source "ChessBase"]
[SourceDate "2005.11.24"]
[SourceVersion "1"]
[SourceVersionDate "2005.11.24"]
[SourceQuality "1"]

1. d4 Nf6 2. Nf3 e6 3. Bf4 c5 4. e3 Qb6 5. Qc1 Nc6 6. c3 d5 7. Nbd2 cxd4 8. exd4 Be7 9. Bd3 h6 10. 0-0 Nh5 11. Be3 Qc7 12. Re1 f5 13. Nf1 Bd7 14. a4 a5 15. Qd1 Nf6 16. Rc1 g5 17. c4 Qd6 18. Ne5 0-0 19. h4 f4 20. c5 Qc7 21. Nxc6 bxc6 22. Bd2 Rf7 23. Bg6 Rg7 24. h5 Nh7 25. Nh2 Nf6 26. Re5 Bf8 27. Qe2 Re7 28. Ng4 Bg7 29. Re1 Nxg4 30. Qxg4 Bxe5 31. Rxe5 Rf8 32. g3 fxg3 33. fxg3 Kh8 34. Bxg5 hxg5 35. Qxg5 Qd8 36. Qh6+ Kg8 37. Rg5 Rf1+ 38. Kxf1 Qf8+ 39. Bf7+ 1-0

[Event "Augsburg Afro op"]
[Site "Augsburg"]
[Date "1997.??.??"]
[Round "1"]
[White "Werner, Bernd Michael"]
[Black "Birth, Waldemar"]
[Result "0-1"]
[WhiteElo "2190"]
[BlackElo "1730"]
[PlyCount "84"]
[EventDate "1997.??.??"]
[EventType "swiss"]
[EventRounds "7"]
[EventCountry "GER"]
[SourceTitle "EXT 2006"]
[Source "ChessBase"]
[SourceDate "2005.11.24"]
[SourceVersion "1"]
[SourceVersionDate "2005.11.24"]
[SourceQuality "1"]

1. e4 c5 2. c4 d6 3. Nc3 Nc6 4. g3 e5 5. Bg2 Be6 6. d3 Qd7 7. h3 Nd4 8. Nge2 Be7 9. Nxd4 cxd4 10. Ne2 f5 11. exf5 Bxf5 12. f4 h5 13. a4 Nf6 14. a5 a6 15. Ra3 0-0 16. Rb3 Rab8 17. Kf2 Qc7 18. Rb6 Bd7 19. Bd2 Bc6 20. Kg1 Bxg2 21. Kxg2 Nd7 22. Rb3 Qc6+ 23. Kh2 Nc5 24. Rb6 Qf3 25. Rf1 Qxd3 26. b3 Nd7 27. Nc1 Qf5 28. Rb4 d5 29. cxd5 Bxb4 30. Bxb4 Rf6 31. Be7 Rf7 32. Bd6 Rc8 33. Re1 Rc2+ 34. Re2 Rxe2+ 35. Nxe2 d3 36. Nc3 h4 37. Qe1 hxg3+ 38. Qxg3 Qxf4 39. Qxf4 Rxf4 40. Kg3 Rf1 41. Ne4 Nf6 42. Nc3 d2 0-1